01519cam a2200385 a 45000010008000000030004000080050017000120080041000290100017000700200042000870200068001290200047001970200018002440350012002620400018002740500022002920820016003141000035003302450078003652600071004433000027005143360026005413370028005673380027005955040051006226500029006736500034007026500025007368560104007618560089008659060045009549420012009999990017010119520105010282562083OSt20260622100321.0950907s1995 nyu b 001 0 eng  a 95041551  a0850364329qMerlin Press : alk. paper a0853458812 (Monthly Review Press : pbk. : alk. paper) :c$25.00 a9780850364323q(Merlin Press : alk. paper) a9780853458814 a2562083 aDLCcDLCdDLC00aHB97.5b.M39 199500a335.4/12201 aMészáros, István,d1930-00aBeyond capital :btoward a theory of transition /cIstván Mészáros. aLondon :bMerlin Press ;aNew York :bMonthly Review Press,c1995. axxvi, 994 p. ;c23 cm. atextbtxt2rdacontent aunmediatedbn2rdamedia avolumebnc2rdacarrier aIncludes bibliographical references and index. 0aMarxian economics.92119 0aDialectical materialism.9791 0aPostmodernism.92562423Contributor biographical informationuhttp://www.loc.gov/catdir/enhancements/fy0807/95041551-b.html423Publisher descriptionuhttp://www.loc.gov/catdir/enhancements/fy0807/95041551-d.html a7bcbccorignewd1eocipf19gy-gencatlg 2ddccBK c18650d18650 00102ddc4070aINPbINPcMAINd2025-08-31l0o335.4/1p025051r2025-08-31 00:00:00w2025-08-31yBK